000 00398nam a2200157 4500
001 16494
005 20230411085950.0
008 060907n2000 dr spa
035 _9funglode16628
041 _aEN
110 _aThe Carter Center
245 1 _aChallenges to democracy in the Americas
260 _a[s.l.] :
_bThe Carter Center,
_c2000
300 _ap.v.
942 _2lcc
_cbk
999 _c110123
_d110123